IEEE/ACM transactions on networking: a joint publication of the IEEE Communications Society, the IEEE Computer Society, and the ACM with its Special Interest Group on Data Communication. (Record no. 38253)
[ view plain ]
| 000 -LEADER | |
|---|---|
| fixed length control field | 00752nam a2200169Ia 4500 |
| 022 ## - INTERNATIONAL STANDARD SERIAL NUMBER | |
| ISSN | 10636692 |
| 050 ## - CALL MARK | |
| Classification number | TK 5105.5 .I3/ |
| 245 #0 - TITLE STATEMENT | |
| Title | IEEE/ACM transactions on networking: a joint publication of the IEEE Communications Society, the IEEE Computer Society, and the ACM with its Special Interest Group on Data Communication. |
| 260 ## - PUBLICATION, DISTRIBUTION, ETC. (IMPRINT) | |
| Place of publication | N.Y. |
| 260 ## - PUBLICATION, DISTRIBUTION, ETC. (IMPRINT) | |
| Name of publisher | Institute of Electrical and Electronics Engineers, and the Association for Computing Machinery |
| 260 ## - PUBLICATION, DISTRIBUTION, ETC. (IMPRINT) | |
| Year of publication | 2002 |
| 300 ## - PHYSICAL DESCRIPTION | |
| Number of Pages | v., 844 p. : ill. ; 28 cm. |
| 650 ## - SUBJECT ADDED ENTRY--TOPICAL TERM | |
| Topical Term | Computer networks--Periodicals. Data transmission systems--Periodicals. Electrical and Electronic Engineering--Periodicals. |
| 942 ## - ADDED ENTRY ELEMENTS (KOHA) | |
| Koha item type | Serials |
No items available.